Lok sabha debates: (Record no. 225232)
[ view plain ]
| 000 -LEADER | |
|---|---|
| fixed length control field | 00645nam a22002177a 4500 |
| 005 - DATE AND TIME OF LATEST TRANSACTION | |
| control field | 20221121095500.0 |
| 008 - FIXED-LENGTH DATA ELEMENTS--GENERAL INFORMATION | |
| fixed length control field | 221109b ||||| |||| 00| 0 eng d |
| 040 ## - CATALOGING SOURCE | |
| Transcribing agency | AL |
| 041 ## - LANGUAGE CODE | |
| Language code of text/sound track or separate title | eng |
| 082 ## - DEWEY DECIMAL CLASSIFICATION NUMBER | |
| Edition number | 23 |
| Classification number | 328.542 |
| Item number | LOKL |
| 100 ## - MAIN ENTRY--PERSONAL NAME | |
| Personal name | Lok Sabha Secretariat |
| 100 ## - MAIN ENTRY--PERSONAL NAME | |
| 9 (RLIN) | 62847 |
| 100 ## - MAIN ENTRY--PERSONAL NAME | |
| 9 (RLIN) | 62843 |
| 245 ## - TITLE STATEMENT | |
| Title | Lok sabha debates: |
| Remainder of title | Third session: Tenth lok sabha Vol 8 No 8 |
| 260 ## - PUBLICATION, DISTRIBUTION, ETC. | |
| Place of publication, distribution, etc. | New Delhi |
| Name of publisher, distributor, etc. | Lok Sabha Secretariat |
| Date of publication, distribution, etc. | 1992 |
| 300 ## - PHYSICAL DESCRIPTION | |
| Extent | v,1240p. |
| Other physical details | HB |
| Dimensions | 23x15cm. |
| 365 ## - TRADE PRICE | |
| Source of price type code | Political Science |
| 440 ## - SERIES STATEMENT/ADDED ENTRY--TITLE | |
| 9 (RLIN) | 61548 |
| Number of part/section of a work | Vol 8 No 8 |
| Title | Tenth series |
| 650 ## - SUBJECT ADDED ENTRY--TOPICAL TERM | |
| Topical term or geographic name entry element | Debates Parliament |
| 9 (RLIN) | 61549 |
| 700 ## - ADDED ENTRY--PERSONAL NAME | |
| Personal name | LOK SABHA SECRETARIAT |
| 9 (RLIN) | 61550 |
| 942 ## - ADDED ENTRY ELEMENTS (KOHA) | |
| Source of classification or shelving scheme | Dewey Decimal Classification |
| Koha item type | George Fernandes Collections |
| Withdrawn status | Lost status | Source of classification or shelving scheme | Damaged status | Not for loan | Collection code | Home library | Current library | Date acquired | Total Checkouts | Full call number | Barcode | Date last seen | Price effective from | Koha item type |
|---|---|---|---|---|---|---|---|---|---|---|---|---|---|---|
| Dewey Decimal Classification | Political Science | St Aloysius Library | St Aloysius Library | 03/24/2013 | 328.542 LOKL | GF00179 | 11/21/2022 | 11/21/2022 | George Fernandes Collections |